00487nam a2200193 a 4500001001300000003000900013005001700022008004100039020001000080082001300090100002000103245004400123260002800167300000900195500003500204505001700239650001700256700002000273nice12345678IN_TiNIC20260116011715.0050524s1935 lona grp 000 0 eng  ac10000a201bPEA aPeake, Arthur S aChristianity Its Nature and Its Truths. aLondonbDuckworthc1935 a298p aincludes index and biblioraphy2 aBibliography aChristianity1 aPeake, Arthur S